|
|
|
|
| LEADER |
00000nab a2200000 a 4500 |
| 001 |
vtls010181770 |
| 003 |
SK-MaSNL |
| 005 |
20260304162956.0 |
| 008 |
250507c2010 xo ||||||||||||00 b|slo |
| 015 |
|
|
|a SNBRB2010/10
|2 snkbucl
|
| 035 |
|
|
|a (uuid)bc9046a4-bc83-47de-984b-3d1fb556193c
|
| 035 |
|
|
|a urn:nbn:sk:snk-ab25pt
|
| 035 |
|
|
|a (urnnbn)urn:nbn:sk:snk:ar-a01pky
|
| 038 |
|
|
|a SNKBUCL
|
| 040 |
|
|
|a SNKBUCL
|b slo
|c SNKBUCL
|e AACR2
|
| 041 |
0 |
|
|a slo
|
| 044 |
|
|
|a xo
|c SK
|
| 080 |
|
|
|a 342.4:347.991
|x (437.6)
|2 2001
|
| 080 |
|
|
|a 347.991
|x (437.6)
|2 2001
|
| 100 |
1 |
|
|a Klučka, Ján,
|d 1951-
|4 aut
|9 107147
|
| 245 |
1 |
0 |
|a Viažu Ústavný súd SR v konaní o súlade právnych predpisov lehoty?
|c Ján Klučka
|
| 504 |
|
|
|a Bibliogr. odkazy
|
| 610 |
1 |
7 |
|a Slovensko.
|b Ústavný súd
|2 snkbucl
|9 17010
|
| 650 |
0 |
7 |
|a konanie o súlade právnych predpisov lehoty
|2 snkbucl
|9 1489374
|
| 773 |
0 |
|
|t Bulletin slovenskej advokácie
|g Roč. XVI, č. 7-8 (2010), s. 19-21
|x 1335-1079
|
| 850 |
|
|
|a Slovenská národná knižnica
|
| 852 |
|
|
|a Slovenská národná knižnica
|
| 856 |
4 |
1 |
|u http://www.sak.sk/blox/cms/sk/zone1/bulletin/actual/id1/id1/id2/_getFile/BSA_07_8_web.pdf
|
| 954 |
|
|
|a odborná, vedecká literatúra pôvodná (slovenská)
|2 lita
|
| 958 |
|
|
|a article2022
|
| 958 |
|
|
|a SK
|
| 958 |
|
|
|a NB
|
| 958 |
|
|
|a OND
|
| 958 |
|
|
|a EUIPO
|
| 999 |
|
|
|c 2976113
|d 2978043
|